000 01130nam a22002777a 4500
999 _c117191
_d117191
003 0
005 20190105171501.0
008 0
010 _aB-238494, B-238498
020 _c100.00
_a8190386921
035 _aB-238494,B-238495, B-238498
037 _bCen Lib/Ret
040 _aDPL
_bHN
_c0
082 _a
_bकाबरा
100 _aकाबरा, किशोर
_970643
245 _aएक चुटकी आसमान /
_cकिशोर काबरा
246 _aEk chutki aasaman /
_bby Kishor Kabara
260 _a दिल्ली
_bविजेता प्रकाशन
_c2006
270 _b दिल्ली
_a6/40, मौहल्ला महाराम, गली आर्यसमाज, शाहदरा
_e110032
300 _a71पृ.
_c19सेमी (सजिल्द )
650 _aहिंदी साहित्य
_x
_z
_970644
650 _aहिंदी साहित्य
_v
_xकहानियां
_970645
650 _aHindi literature
_970646
650 _aHindi literature
_xstories
_970647
942 _2ddc
_cHN
_h
_mकाबरा